| 000 | 00833cam a2200253 a 4500 | ||
|---|---|---|---|
| 005 | 20260416064113.0 | ||
| 008 | 090205s2005 ck a br 000 0 spa d | ||
| 020 | _a9803950614 | ||
| 035 | _aUPN01000168804 | ||
| 040 |
_aMX-MxUPN _bspa |
||
| 041 | 0 | _aspa | |
| 050 | 4 |
_aTH9148 _bM37 2005 |
|
| 100 | 1 |
_aMartínez, Carmen _959260 |
|
| 245 | 1 | 0 | _aAhí vienen los bomberos |
| 260 |
_a[Bogotá] : _bEl Nacional, _cc2005. |
||
| 300 |
_a31 páginas : _bilustraciones a color |
||
| 490 | 0 |
_aColección Brújula de papel. Ciencias sociales ; _v35 |
|
| 650 | 4 |
_aBomberos _vLiteratura infantil _921740 |
|
| 650 | 0 |
_aPrevención de incendios _vLiteratura infantil _959261 |
|
| 700 | 1 |
_aPinilla, Fernando _959262 _eilustración |
|
| 902 | _bVíctorGodínez/150426 | ||
| 942 |
_2lcc _cLIBRO |
||
| 999 |
_c140910 _d140910 |
||